|
|
|
|
| LEADER |
00000nbm0a2200000 4500 |
| 001 |
206076 |
| 005 |
20231226153152.0 |
| 035 |
|
|
|a (RuTPU)RU\TPU\book\224625
|
| 035 |
|
|
|a RU\TPU\book\224623
|
| 090 |
|
|
|a 206076
|
| 100 |
|
|
|a 20111223j20111222k y0rusy50 ca
|
| 101 |
0 |
|
|a rus
|
| 102 |
|
|
|a RU
|
| 105 |
|
|
|a a m 001zy
|
| 200 |
1 |
|
|a Алгоритмическое и программное обеспечение инструментальной системы для интеграции производственных данных нефтегазодобывающей компании
|e диссертация на соискание ученой степени кандидата технических наук
|e спец. 05.13.11
|f В. В. Вейбер
|g Национальный исследовательский Томский политехнический университет (ТПУ), Кафедра вычислительной техники ; науч. рук. Н. Г. Марков
|
| 210 |
|
|
|a Томск
|d 2011
|
| 215 |
|
|
|a 165 л.
|c ил.
|
| 300 |
|
|
|a Защищена 22.12.2011 г.
|
| 320 |
|
|
|a Библиогр.: с. 150-159 (102 назв.).
|
| 606 |
1 |
|
|a Нефтегазодобывающая промышленность
|x Автоматизация
|x Техническое нормирование
|2 stltpush
|3 (RuTPU)RU\TPU\subj\45577
|9 64771
|
| 610 |
1 |
|
|a нефтегазодобывающие компании
|
| 610 |
1 |
|
|a производственные данные
|
| 610 |
1 |
|
|a интеграция
|
| 610 |
1 |
|
|a инструментальные системы
|
| 610 |
1 |
|
|a данные
|
| 610 |
1 |
|
|a построение
|
| 610 |
1 |
|
|a архитектура
|
| 610 |
1 |
|
|a модели
|
| 610 |
1 |
|
|a алгоритмическое обеспечение
|
| 610 |
1 |
|
|a программное обеспечение
|
| 610 |
1 |
|
|a результаты
|
| 610 |
1 |
|
|a апробация
|
| 610 |
1 |
|
|a диссертации
|
| 610 |
1 |
|
|a труды учёных ТПУ
|
| 675 |
|
|
|a 622.323.012:658.5(04)
|v 3
|
| 686 |
|
|
|a 05.13.11
|2 oksvnk
|
| 700 |
|
1 |
|a Вейбер
|b В. В.
|c специалист в области вычислительной техники
|c программист Томского политехнического университета, аспирант
|f 1985-
|g Вадим Викторович
|3 (RuTPU)RU\TPU\pers\28635
|
| 702 |
|
1 |
|a Марков
|b Н. Г.
|c российский специалист в области информатики и вычислительной техники
|c профессор Томского политехнического университета, доктор технических наук
|f 1950-
|g Николай Григорьевич
|3 (RuTPU)RU\TPU\pers\24748
|4 727
|9 10989
|
| 712 |
0 |
2 |
|a Национальный исследовательский Томский политехнический университет (ТПУ)
|b Кафедра вычислительной техники
|c (2009- )
|3 (RuTPU)RU\TPU\col\15902
|
| 801 |
|
1 |
|a RU
|b 63413507
|c 20111223
|
| 801 |
|
2 |
|a RU
|b 63413507
|c 20120118
|g RCR
|
| 942 |
|
|
|c BK
|